[Event "Olympiad U16"]
[Site "Denizli TUR"]
[Date "2003.08.08"]
[Round "7"]
[White "Gerzhoy, Leonid"]
[Black "Zarkua, Davit"]
[Result "1-0"]
[WhiteElo "2410"]
[BlackElo "2246"]
[PlyCount "112"]
[GameId "2129405133940774"]
[EventDate "2003.08.02"]
[EventType "team"]
[EventRounds "10"]
[EventCountry "TUR"]
[SourceTitle "The Week in Chess 457"]
[Source "Mark Crowther"]
[SourceDate "2003.08.11"]
[SourceVersion "1"]
[SourceVersionDate "2003.08.11"]
[SourceQuality "2"]

1. Nf3 Nf6 2. c4 c6 3. Nc3 d5 4. e3 Nbd7 5. d4 g6 6. cxd5 cxd5 7. Qb3 e6 8. Bd2 Be7 9. Bd3 O-O 10. O-O b6 11. a4 a6 12. Rfc1 Bb7 13. Ne2 Bd6 14. Bb4 Qe7 15. Bxd6 Qxd6 16. a5 b5 17. Rc2 Rfc8 18. Rac1 Kg7 19. Rxc8 Rxc8 20. Rxc8 Bxc8 21. Qc3 Bb7 22. Ne5 Nb8 23. Nc1 Nfd7 24. Nxd7 Nxd7 25. Nb3 f6 26. Nc5 Nxc5 27. Qxc5 Qxc5 28. dxc5 b4 29. f4 Kf7 30. c6 Bc8 31. e4 dxe4 32. Bxe4 Ke7 33. Kf2 Kd6 34. Ke3 Kc5 35. g4 Kc4 36. g5 fxg5 37. fxg5 e5 38. h4 Kc5 39. c7 Kd6 40. Bd3 Kxc7 41. Bc4 Kd6 42. Bg8 Be6 43. Bxh7 Bf7 44. h5 gxh5 45. g6 Bd5 46. g7 Kc5 47. g8=Q Bxg8 48. Bxg8 Kb5 49. Ke4 Kxa5 50. Kxe5 h4 51. Kd4 Kb5 52. Be6 Kc6 53. Kc4 a5 54. Bh3 b3 55. Kxb3 Kc5 56. Ka4 Kd5 1-0

[Event "Olympiad U16"]
[Site "Denizli TUR"]
[Date "2003.08.09"]
[Round "9"]
[White "Tanrikulu, Secim Erhan"]
[Black "Gerzhoy, Leonid"]
[Result "1/2-1/2"]
[WhiteElo "2043"]
[BlackElo "2410"]
[PlyCount "131"]
[GameId "2129405133940899"]
[EventDate "2003.08.02"]
[EventType "team"]
[EventRounds "10"]
[EventCountry "TUR"]
[SourceTitle "The Week in Chess 457"]
[Source "Mark Crowther"]
[SourceDate "2003.08.11"]
[SourceVersion "1"]
[SourceVersionDate "2003.08.11"]
[SourceQuality "2"]

1. e4 c5 2. c3 d6 3. d4 Nf6 4. Bd3 g6 5. Nf3 Bg7 6. O-O O-O 7. Qe2 cxd4 8. cxd4 Bg4 9. Be3 Nc6 10. Nc3 Nd7 11. d5 Nce5 12. Qd1 Bxf3 13. gxf3 Nxd3 14. Qxd3 f5 15. Qe2 f4 16. Bd2 Ne5 17. Nb5 Qc8 18. Kg2 g5 19. Rac1 Qd7 20. Nd4 g4 21. h3 Qa4 22. b4 gxf3+ 23. Nxf3 Qxa2 24. Nxe5 Bxe5 25. Kh1 Kh8 26. Rc7 Rf7 27. Rg1 Qa6 28. Qxa6 bxa6 29. Bc3 Bxc3 30. Rxc3 f3 31. Kh2 Rf4 32. Rg4 Rxg4 33. hxg4 Kg7 34. Kg3 Rb8 35. Rc4 Kf6 36. Kxf3 Rb5 37. Kf4 a5 38. bxa5 Rxa5 39. Rc6 Kf7 40. Kg5 Rb5 41. Ra6 Rb7 42. f4 Kg7 43. Kf5 Kf7 44. e5 dxe5 45. Kxe5 Rc7 46. g5 Rb7 47. Ra1 Rb6 48. Rxa7 h6 49. Ra1 hxg5 50. fxg5 Rb2 51. Rf1+ Kg6 52. Re1 Rb6 53. Kf4 Rb7 54. Re6+ Kg7 55. Kf5 Kf7 56. Re1 Rd7 57. Ke5 Rd6 58. Rf1+ Kg7 59. Rf5 Ra6 60. Rf4 Rb6 61. Rc4 Rb1 62. Re4 Rb6 63. Kf5 Kf7 64. Re6 Rxe6 65. dxe6+ Kg7 66. Ke4 1/2-1/2

[Event "Olympiad U16"]
[Site "Denizli TUR"]
[Date "2003.08.10"]
[Round "10"]
[White "Gerzhoy, Leonid"]
[Black "Mankeyev, Rauan"]
[Result "1/2-1/2"]
[WhiteElo "2410"]
[BlackElo "2037"]
[PlyCount "25"]
[GameId "2129405133940919"]
[EventDate "2003.08.02"]
[EventType "team"]
[EventRounds "10"]
[EventCountry "TUR"]
[SourceTitle "The Week in Chess 457"]
[Source "Mark Crowther"]
[SourceDate "2003.08.11"]
[SourceVersion "1"]
[SourceVersionDate "2003.08.11"]
[SourceQuality "2"]

1. Nf3 Nf6 2. c4 c5 3. Nc3 Nc6 4. g3 g6 5. Bg2 Bg7 6. O-O O-O 7. d4 cxd4 8. Nxd4 d6 9. Nxc6 bxc6 10. Bxc6 Bh3 11. Bg2 Bxg2 12. Kxg2 Qc7 13. Qd3 1/2-1/2

[Event "FSGM 2003.07"]
[Site "Budapest HUN"]
[Date "2003.07.07"]
[Round "3"]
[White "Reutsky, Sergei"]
[Black "Gerzhoy, Leonid"]
[Result "1/2-1/2"]
[WhiteElo "2307"]
[BlackElo "2410"]
[PlyCount "35"]
[GameId "2129405134617388"]
[EventDate "2003.07.05"]
[EventType "tourn"]
[EventRounds "11"]
[EventCountry "HUN"]
[EventCategory "7"]
[SourceTitle "The Week in Chess 453"]
[Source "Mark Crowther"]
[SourceDate "2003.07.14"]
[SourceVersion "1"]
[SourceVersionDate "2003.07.14"]
[SourceQuality "2"]

1. e4 c5 2. Nf3 Nc6 3. d4 cxd4 4. Nxd4 g6 5. c4 Nf6 6. Nc3 Nxd4 7. Qxd4 d6 8. Be3 Bg7 9. Be2 O-O 10. Qd2 Qa5 11. O-O Be6 12. Rac1 Rfe8 13. b3 a6 14. f4 Bg4 15. Bd3 Bd7 16. h3 Be6 17. Qf2 Nd7 18. Nd5 1/2-1/2

[Event "FSGM 2003.07"]
[Site "Budapest HUN"]
[Date "2003.07.09"]
[Round "5"]
[White "Postny, Evgeny"]
[Black "Gerzhoy, Leonid"]
[Result "1-0"]
[WhiteElo "2499"]
[BlackElo "2410"]
[PlyCount "107"]
[GameId "2129405134617400"]
[EventDate "2003.07.05"]
[EventType "tourn"]
[EventRounds "11"]
[EventCountry "HUN"]
[EventCategory "7"]
[SourceTitle "The Week in Chess 453"]
[Source "Mark Crowther"]
[SourceDate "2003.07.14"]
[SourceVersion "1"]
[SourceVersionDate "2003.07.14"]
[SourceQuality "2"]

1. Nf3 Nf6 2. c4 e6 3. Nc3 Bb4 4. Qc2 O-O 5. a3 Bxc3 6. Qxc3 b6 7. g3 Bb7 8. Bg2 d6 9. O-O Nbd7 10. d3 a5 11. b3 c5 12. Bb2 d5 13. cxd5 exd5 14. d4 Ba6 15. Rfe1 Rc8 16. Qd2 a4 17. bxa4 Ne4 18. Qf4 c4 19. Bc1 c3 20. Qf5 Ndf6 21. Ne5 Rc7 22. f3 Bc8 23. Qf4 Nd6 24. g4 Nc4 25. Nd3 Re8 26. Rb1 Rce7 27. Bf1 Bxg4 28. fxg4 Re4 29. Qf3 Nxg4 30. Nf2 Nxf2 31. Qxf2 R8e6 32. Bg2 Rg6 33. Kh1 Qe7 34. Rb3 Rf6 35. Qg3 h6 36. Bf3 Nd2 37. Rxc3 Nxf3 38. Rxf3 Rg6 39. Qf2 Reg4 40. Rg3 Qe4+ 41. Kg1 h5 42. Qf3 Qxd4+ 43. Be3 Qe5 44. Bf2 Rxg3+ 45. hxg3 h4 46. Kg2 hxg3 47. Bxg3 Qd4 48. Rf1 Rf6 49. Qd3 Qxd3 50. exd3 Rc6 51. Be5 Rc5 52. Rb1 Rc2+ 53. Kf3 Ra2 54. Rb3 1-0

[Event "FSGM 2003.07"]
[Site "Budapest HUN"]
[Date "2003.07.11"]
[Round "7"]
[White "Gerzhoy, Leonid"]
[Black "Ovsejevitsch, Sergei"]
[Result "1/2-1/2"]
[WhiteElo "2410"]
[BlackElo "2497"]
[PlyCount "45"]
[GameId "2129405134617408"]
[EventDate "2003.07.05"]
[EventType "tourn"]
[EventRounds "11"]
[EventCountry "HUN"]
[EventCategory "7"]
[SourceTitle "The Week in Chess 453"]
[Source "Mark Crowther"]
[SourceDate "2003.07.14"]
[SourceVersion "1"]
[SourceVersionDate "2003.07.14"]
[SourceQuality "2"]

1. Nf3 d5 2. d4 Nf6 3. c4 e6 4. g3 Bb4+ 5. Bd2 Bd6 6. Bg2 O-O 7. O-O c6 8. c5 Bc7 9. Nc3 Nbd7 10. Bf4 Re8 11. Bxc7 Qxc7 12. b4 e5 13. dxe5 Nxe5 14. Nd4 h5 15. Qc2 h4 16. Nf5 hxg3 17. hxg3 Nc4 18. Nd4 Qe5 19. Nf3 Qh5 20. Qc1 Ne5 21. Rd1 Bg4 22. Qf4 Qg6 23. Nd4 1/2-1/2

[Event "FSGM 2003.07"]
[Site "Budapest HUN"]
[Date "2003.07.12"]
[Round "8"]
[White "Krapivin, Alexander"]
[Black "Gerzhoy, Leonid"]
[Result "1-0"]
[WhiteElo "2339"]
[BlackElo "2410"]
[PlyCount "65"]
[GameId "2129405134617415"]
[EventDate "2003.07.05"]
[EventType "tourn"]
[EventRounds "11"]
[EventCountry "HUN"]
[EventCategory "7"]
[SourceTitle "The Week in Chess 453"]
[Source "Mark Crowther"]
[SourceDate "2003.07.14"]
[SourceVersion "1"]
[SourceVersionDate "2003.07.14"]
[SourceQuality "2"]

1. e4 c5 2. Nc3 Nc6 3. g3 g6 4. Bg2 Bg7 5. d3 d6 6. Be3 Nf6 7. h3 e5 8. Nge2 O-O 9. O-O Rb8 10. f4 exf4 11. Bxf4 b5 12. Qd2 b4 13. Nd1 Ne8 14. Kh2 Nc7 15. Bg5 Qd7 16. Bh6 Ne5 17. Bxg7 Kxg7 18. Ne3 Qe7 19. Nf4 Be6 20. Nf5+ Bxf5 21. exf5 f6 22. fxg6 hxg6 23. c3 bxc3 24. bxc3 Qf7 25. g4 Rfe8 26. Rae1 Nd7 27. d4 cxd4 28. cxd4 Nf8 29. Be4 Re7 30. Bxg6 Nxg6 31. Nh5+ Kh8 32. Rxf6 Qh7 33. Rxe7 1-0

[Event "FSGM 2003.07"]
[Site "Budapest HUN"]
[Date "2003.07.15"]
[Round "11"]
[White "Gerzhoy, Leonid"]
[Black "Medvegy, Zoltan"]
[Result "1/2-1/2"]
[WhiteElo "2410"]
[BlackElo "2498"]
[PlyCount "61"]
[GameId "2129405134617432"]
[EventDate "2003.07.05"]
[EventType "tourn"]
[EventRounds "11"]
[EventCountry "HUN"]
[EventCategory "7"]
[SourceTitle "The Week in Chess 454"]
[Source "Mark Crowther"]
[SourceDate "2003.07.14"]
[SourceVersion "1"]
[SourceVersionDate "2003.07.14"]
[SourceQuality "2"]

1. Nf3 e6 2. c4 Nf6 3. g3 d5 4. d4 dxc4 5. Bg2 Nc6 6. Qa4 Bb4+ 7. Bd2 Nd5 8. Bxb4 Ndxb4 9. O-O Rb8 10. Nc3 a6 11. Ne5 O-O 12. Nxc6 Nxc6 13. Bxc6 bxc6 14. Qxc4 Qd6 15. e3 Rxb2 16. Rab1 Rb6 17. Ne4 Qd5 18. Qxd5 exd5 19. Nc5 Bf5 20. Rb3 a5 21. Rc1 Rfb8 22. Ra3 Ra8 23. Nb3 a4 24. Nc5 Rb4 25. Kg2 Kf8 26. h3 Ke7 27. g4 Bc8 28. Nd3 Rb6 29. Nc5 Rb4 30. Nd3 Rb6 31. Nc5 1/2-1/2

[Event "ISR-Tch"]
[Site "ISR"]
[Date "2003.01.25"]
[Round "2"]
[White "Zifroni, Dov"]
[Black "Gerzhoy, Leonid"]
[Result "1-0"]
[WhiteElo "2542"]
[BlackElo "2380"]
[PlyCount "77"]
[GameId "2129405137106586"]
[EventDate "2003.01.??"]
[EventType "team"]
[EventRounds "11"]
[EventCountry "ISR"]
[SourceTitle "EXT 2004"]
[Source "ChessBase"]
[SourceDate "2003.11.25"]
[SourceVersion "1"]
[SourceVersionDate "2003.11.25"]
[SourceQuality "1"]

1. d4 Nf6 2. Nf3 e6 3. g3 d5 4. Bg2 Be7 5. O-O O-O 6. c4 c6 7. Qc2 Nbd7 8. b3 b6 9. Rd1 Ba6 10. Bb2 Rc8 11. Nc3 b5 12. c5 b4 13. Nb1 Bb5 14. a3 a5 15. Ne1 e5 16. dxe5 Ne4 17. axb4 axb4 18. Bxe4 dxe4 19. Nd2 Bxe2 20. Nxe4 Bxd1 21. Rxd1 Qc7 22. Nf3 Rfd8 23. Nd6 Nf8 24. Nd4 Ra8 25. Qc4 Bxd6 26. cxd6 Qd7 27. Nxc6 Re8 28. Nxb4 Rac8 29. Qd3 Ne6 30. Nd5 Rb8 31. b4 Kh8 32. Bc3 Qa7 33. Ne7 Qa4 34. Ra1 Qb3 35. Nc6 Rec8 36. Nxb8 Rxc3 37. Qd1 Qxb4 38. Nc6 Qb7 39. d7 1-0

[Event "ISR-Tch"]
[Site "ISR"]
[Date "2003.03.08"]
[Round "5"]
[White "Gerzhoy, Leonid"]
[Black "Psakhis, Lev"]
[Result "1/2-1/2"]
[WhiteElo "2380"]
[BlackElo "2582"]
[PlyCount "38"]
[GameId "2129405137106622"]
[EventDate "2003.01.??"]
[EventType "team"]
[EventRounds "11"]
[EventCountry "ISR"]
[SourceTitle "EXT 2004"]
[Source "ChessBase"]
[SourceDate "2003.11.25"]
[SourceVersion "1"]
[SourceVersionDate "2003.11.25"]
[SourceQuality "1"]

1. d4 e6 2. c4 Nf6 3. Nf3 b6 4. a3 Bb7 5. Nc3 d5 6. cxd5 Nxd5 7. e3 g6 8. Bb5+ c6 9. Ba4 Nxc3 10. bxc3 Bg7 11. O-O O-O 12. e4 c5 13. Bg5 Qd6 14. Re1 Nc6 15. Bxc6 Bxc6 16. Qd2 Rfe8 17. Bf4 e5 18. Bg3 cxd4 19. cxd4 Qd7 1/2-1/2

[Event "ISR-Tch"]
[Site "ISR"]
[Date "2003.03.21"]
[Round "7"]
[White "Birnboim, Nathan"]
[Black "Gerzhoy, Leonid"]
[Result "0-1"]
[WhiteElo "2371"]
[BlackElo "2380"]
[PlyCount "74"]
[GameId "2129405137114852"]
[EventDate "2003.01.??"]
[EventType "team"]
[EventRounds "11"]
[EventCountry "ISR"]
[SourceTitle "EXT 2004"]
[Source "ChessBase"]
[SourceDate "2003.11.25"]
[SourceVersion "1"]
[SourceVersionDate "2003.11.25"]
[SourceQuality "1"]

1. d4 Nf6 2. c4 e6 3. g3 d5 4. Nf3 Be7 5. Bg2 O-O 6. O-O dxc4 7. Qc2 a6 8. a4 Bd7 9. Qxc4 Bc6 10. Bf4 Nbd7 11. Qc2 Nd5 12. Bd2 Nb4 13. Qd1 Nf6 14. Nc3 Bxf3 15. Bxf3 Qxd4 16. Bxb7 Rad8 17. Be3 Qe5 18. Qc1 Ng4 19. Bf4 Qh5 20. h4 c6 21. Na2 Nd5 22. Bg5 f6 23. Bd2 f5 24. Bg5 f4 25. Bxe7 Nxe7 26. Qc4 Qg6 27. Qc5 Nf5 28. Bxc6 fxg3 29. fxg3 Nxg3 30. Rxf8+ Rxf8 31. Bf3 Nf5 32. Qb4 Nge3+ 33. Kh2 Qg3+ 34. Kh1 Qh3+ 35. Kg1 Nxh4 36. Bc6 Qg3+ 37. Kh1 Rf2 0-1

[Event "ISR-Tch"]
[Site "ISR"]
[Date "2003.03.28"]
[Round "8"]
[White "Gerzhoy, Leonid"]
[Black "Avrukh, Boris"]
[Result "1/2-1/2"]
[WhiteElo "2380"]
[BlackElo "2584"]
[PlyCount "109"]
[GameId "2129405137114887"]
[EventDate "2003.01.??"]
[EventType "team"]
[EventRounds "11"]
[EventCountry "ISR"]
[SourceTitle "EXT 2004"]
[Source "ChessBase"]
[SourceDate "2003.11.25"]
[SourceVersion "1"]
[SourceVersionDate "2003.11.25"]
[SourceQuality "1"]

1. Nf3 Nf6 2. c4 g6 3. Nc3 Bg7 4. e4 d6 5. d4 O-O 6. Be2 e5 7. O-O Na6 8. Bg5 h6 9. Bh4 g5 10. Bg3 Nh5 11. dxe5 Nxg3 12. hxg3 dxe5 13. Nh2 Nc5 14. Bg4 c6 15. Bxc8 Qxc8 16. Qh5 Qe6 17. b3 a5 18. Rad1 Rfd8 19. Qe2 Qg6 20. Nf3 Re8 21. Qe3 Bf8 22. Rd2 Qe6 23. Rfd1 Be7 24. g4 Qxg4 25. Nxe5 Qf4 26. Qxf4 gxf4 27. Nd7 Rad8 28. f3 Kg7 29. Kf1 Ne6 30. Ne2 a4 31. Nd4 Nxd4 32. Rxd4 axb3 33. axb3 Ra8 34. c5 Ra2 35. b4 Bh4 36. Nb6 Rf2+ 37. Kg1 Rb2 38. R1d2 Bf6 39. Rd7 Rxd2 40. Rxd2 Bc3 41. Rd7 Bxb4 42. Rxb7 Bxc5+ 43. Kf1 Bd4 44. Nc4 Rd8 45. Ke2 Kg6 46. Rc7 c5 47. Rc6+ Kh7 48. Nd6 Be3 49. Nc4 Bg1 50. Rf6 Rd4 51. Nd6 Be3 52. Nf5 Rd2+ 53. Ke1 Rxg2 54. Rxf7+ Kh8 55. Rf8+ 1/2-1/2

[Event "Last Autumn GM"]
[Site "Tel Aviv ISR"]
[Date "2002.11.01"]
[Round "1"]
[White "Gerzhoy, Leonid"]
[Black "Kaganskiy, Gleb"]
[Result "1-0"]
[WhiteElo "2389"]
[BlackElo "2315"]
[PlyCount "57"]
[GameId "2129405138943501"]
[EventDate "2002.11.01"]
[EventType "tourn"]
[EventRounds "9"]
[EventCountry "ISR"]
[EventCategory "8"]
[SourceTitle "The Week in Chess 417"]
[Source "Mark Crowther"]
[SourceDate "2002.11.04"]
[SourceVersion "2"]
[SourceVersionDate "2002.11.11"]
[SourceQuality "2"]

1. d4 d5 2. c4 e6 3. Nf3 Nf6 4. g3 dxc4 5. Bg2 b5 6. a4 c6 7. Ne5 Nd5 8. O-O Bb7 9. e4 Nf6 10. Nc3 a6 11. d5 cxd5 12. exd5 Nxd5 13. Nxd5 Bxd5 14. axb5 Bc5 15. Be3 Bxe3 16. fxe3 Bxg2 17. Qxd8+ Kxd8 18. Kxg2 Rf8 19. b6 Ke7 20. Rac1 f5 21. Rxc4 Kd6 22. Nf3 Re8 23. Rc7 e5 24. Ng5 e4 25. Rd1+ Ke5 26. Nf7+ Kf6 27. Rd6+ Re6 28. Rxe6+ Kxe6 29. Ra7 1-0

[Event "Last Autumn GM"]
[Site "Tel Aviv ISR"]
[Date "2002.11.05"]
[Round "4"]
[White "Kundin, Alexander"]
[Black "Gerzhoy, Leonid"]
[Result "1-0"]
[WhiteElo "2429"]
[BlackElo "2389"]
[PlyCount "115"]
[GameId "2129405138943517"]
[EventDate "2002.11.01"]
[EventType "tourn"]
[EventRounds "9"]
[EventCountry "ISR"]
[EventCategory "8"]
[SourceTitle "The Week in Chess 418"]
[Source "Mark Crowther"]
[SourceDate "2002.11.11"]
[SourceVersion "1"]
[SourceVersionDate "2002.11.11"]
[SourceQuality "2"]

1. e4 c5 2. Nf3 d6 3. d4 cxd4 4. Nxd4 Nf6 5. Nc3 Nc6 6. Be2 g6 7. Nb3 Bg7 8. O-O O-O 9. Bg5 Be6 10. Kh1 a5 11. a4 Rc8 12. f4 Nb4 13. Nd4 Bc4 14. Ndb5 Bxe2 15. Qxe2 Qd7 16. Rad1 Qe6 17. Rfe1 Rfd8 18. Bh4 Rd7 19. f5 Qc4 20. Bxf6 Qxe2 21. Rxe2 Bxf6 22. e5 Bg7 23. exd6 exd6 24. Rxd6 Rdd8 25. f6 Bh6 26. g3 Re8 27. Rxe8+ Rxe8 28. Rd7 Re6 29. Nd6 Rxf6 30. Nce4 Re6 31. Nxf7 Be3 32. Nfg5 Bxg5 33. Nxg5 Re1+ 34. Kg2 Re2+ 35. Kh3 h6 36. Nf7 Kg7 37. c3 Na6 38. Nd6+ Kf6 39. Nxb7 Rxb2 40. Rd6+ Kg7 41. Nxa5 Nc5 42. Nc4 Rc2 43. Ne5 Nxa4 44. Rxg6+ Kh7 45. Ra6 Nxc3 46. Ng4 Ne4 47. Kh4 Kg7 48. Ra7+ Kg6 49. Ra6+ Kg7 50. h3 Rc3 51. Ne5 Rxg3 52. Ra7+ Kf8 53. Nd7+ Kg8 54. Nf6+ Nxf6 55. Kxg3 Ne4+ 56. Kf4 Ng5 57. h4 Nf7 58. Kf5 1-0

[Event "Last Autumn GM"]
[Site "Tel Aviv ISR"]
[Date "2002.11.11"]
[Round "8"]
[White "Gerzhoy, Leonid"]
[Black "Gofshtein, Zvulon"]
[Result "1-0"]
[WhiteElo "2389"]
[BlackElo "2519"]
[PlyCount "39"]
[GameId "2129405138943537"]
[EventDate "2002.11.01"]
[EventType "tourn"]
[EventRounds "9"]
[EventCountry "ISR"]
[EventCategory "8"]
[SourceTitle "The Week in Chess 419"]
[Source "Mark Crowther"]
[SourceDate "2002.11.18"]
[SourceVersion "1"]
[SourceVersionDate "2002.11.18"]
[SourceQuality "2"]

1. c4 Nf6 2. Nf3 g6 3. Nc3 d5 4. Qa4+ Bd7 5. Qb3 dxc4 6. Qxc4 Bg7 7. e4 O-O 8. e5 Ng4 9. d4 Na6 10. h3 Nh6 11. Bf4 c5 12. dxc5 Qa5 13. Rd1 Rfd8 14. Rxd7 Rxd7 15. c6 bxc6 16. Qxa6 Qb4 17. Bc1 Nf5 18. Be2 Qc5 19. O-O Bxe5 20. Na4 1-0

[Event "Last Autumn GM"]
[Site "Tel Aviv ISR"]
[Date "2002.11.12"]
[Round "9"]
[White "Bykhovsky, Avigdor"]
[Black "Gerzhoy, Leonid"]
[Result "1/2-1/2"]
[WhiteElo "2481"]
[BlackElo "2389"]
[PlyCount "40"]
[GameId "2129405138943540"]
[EventDate "2002.11.01"]
[EventType "tourn"]
[EventRounds "9"]
[EventCountry "ISR"]
[EventCategory "8"]
[SourceTitle "The Week in Chess 419"]
[Source "Mark Crowther"]
[SourceDate "2002.11.18"]
[SourceVersion "1"]
[SourceVersionDate "2002.11.18"]
[SourceQuality "2"]

1. d4 Nf6 2. c4 e6 3. Nf3 b6 4. g3 Ba6 5. Qb3 Nc6 6. Nbd2 Bb7 7. e4 Na5 8. Qe3 Bb4 9. Bd3 O-O 10. O-O c5 11. d5 exd5 12. cxd5 Re8 13. Qg5 c4 14. Bc2 c3 15. Nb3 Nxb3 16. axb3 Nxe4 17. Bxe4 Qxg5 18. Nxg5 h6 19. Ra4 a5 20. Bh7+ Kh8 1/2-1/2

[Event "KB Czech Open"]
[Site "Pardubice CZE"]
[Date "2002.07.20"]
[Round "2"]
[White "Ganguly, Surya Shekhar"]
[Black "Gerzhoy, Leonid"]
[Result "1-0"]
[WhiteElo "2524"]
[BlackElo "2366"]
[PlyCount "79"]
[GameId "2129405141828043"]
[EventDate "2002.07.19"]
[EventType "swiss"]
[EventRounds "9"]
[EventCountry "CZE"]
[SourceTitle "The Week in Chess 403"]
[Source "Mark Crowther"]
[SourceDate "2002.07.29"]
[SourceVersion "1"]
[SourceVersionDate "2002.07.29"]
[SourceQuality "2"]

1. e4 c5 2. Nf3 Nc6 3. d4 cxd4 4. Nxd4 Nf6 5. Nc3 d6 6. Be2 g6 7. O-O Bg7 8. Be3 O-O 9. Nb3 Be6 10. f4 Qc8 11. Kh1 Bg4 12. Qd2 Bxe2 13. Qxe2 a6 14. Rad1 b5 15. Nd5 Rb8 16. Nd4 Nxd5 17. exd5 Nxd4 18. Bxd4 Qc4 19. Qf2 Bxd4 20. Rxd4 Qxa2 21. c3 f5 22. h4 e5 23. fxe5 dxe5 24. Rd2 Rbd8 25. Qb6 Qc4 26. Kg1 Qxh4 27. Qxa6 Rf6 28. Qxb5 g5 29. d6 g4 30. Qd5+ Rf7 31. Rd3 Qf6 32. c4 e4 33. Rd4 g3 34. c5 f4 35. Rxe4 Qh6 36. Rfxf4 Rdf8 37. d7 Qh2+ 38. Kf1 Qh1+ 39. Ke2 Qxg2+ 40. Kd3 1-0

[Event "KB Czech Open"]
[Site "Pardubice CZE"]
[Date "2002.07.24"]
[Round "6"]
[White "Murey, Jacob"]
[Black "Gerzhoy, Leonid"]
[Result "1-0"]
[WhiteElo "2496"]
[BlackElo "2366"]
[PlyCount "42"]
[GameId "2129405141828214"]
[EventDate "2002.07.19"]
[EventType "swiss"]
[EventRounds "9"]
[EventCountry "CZE"]
[SourceTitle "The Week in Chess 403"]
[Source "Mark Crowther"]
[SourceDate "2002.07.29"]
[SourceVersion "1"]
[SourceVersionDate "2002.07.29"]
[SourceQuality "2"]

1. e4 c5 2. Nc3 Nc6 3. g3 g6 4. Bg2 Bg7 5. Nge2 e6 6. O-O Nge7 7. a3 O-O 8. Rb1 d5 9. exd5 exd5 10. Nf4 Be6 11. b4 c4 12. b5 Nd4 13. Nxe6 fxe6 14. Ne2 Nef5 15. Nf4 Qd7 16. a4 a6 17. c3 Nb3 18. d3 Nxc1 19. Rxc1 Bh6 20. dxc4 Bxf4 21. gxf4 Nh4 1-0

[Event "KB Czech Open"]
[Site "Pardubice CZE"]
[Date "2002.07.26"]
[Round "8"]
[White "Starostits, Ilmars"]
[Black "Gerzhoy, Leonid"]
[Result "0-1"]
[WhiteElo "2438"]
[BlackElo "2366"]
[PlyCount "84"]
[GameId "2129405141836499"]
[EventDate "2002.07.19"]
[EventType "swiss"]
[EventRounds "9"]
[EventCountry "CZE"]
[SourceTitle "The Week in Chess 403"]
[Source "Mark Crowther"]
[SourceDate "2002.07.29"]
[SourceVersion "1"]
[SourceVersionDate "2002.07.29"]
[SourceQuality "2"]

1. e4 c5 2. Nc3 Nc6 3. g3 g6 4. Bg2 Bg7 5. f4 e6 6. d3 Nge7 7. Nf3 O-O 8. O-O d6 9. Be3 Nd4 10. e5 Nef5 11. Bf2 Bd7 12. Ne4 Bc6 13. g4 Bxe4 14. dxe4 Nxf3+ 15. Bxf3 Nd4 16. Bg2 dxe5 17. c3 Nc6 18. Bxc5 Re8 19. f5 exf5 20. gxf5 b6 21. Be3 Qc7 22. Qg4 Na5 23. Rae1 Nc4 24. Bc1 Rad8 25. f6 Bf8 26. Rf3 Re6 27. Qh4 Red6 28. Rh3 h5 29. b3 Nd2 30. Qg5 Qc5+ 31. Ree3 Nxb3 32. axb3 Rd1+ 33. Bf1 Rxc1 34. Rhf3 Rxc3 35. Bc4 Kh8 36. Rh3 Rd1+ 37. Kf2 Rd2+ 38. Ke1 Rxe3+ 39. Qxe3 Qxe3+ 40. Rxe3 Bb4 41. Kf1 Bc5 42. Re2 Rd6 0-1

[Event "KB Czech Open"]
[Site "Pardubice CZE"]
[Date "2002.07.27"]
[Round "9"]
[White "Gerzhoy, Leonid"]
[Black "Potkin, Vladimir"]
[Result "1/2-1/2"]
[WhiteElo "2366"]
[BlackElo "2485"]
[PlyCount "38"]
[GameId "2129405141836514"]
[EventDate "2002.07.19"]
[EventType "swiss"]
[EventRounds "9"]
[EventCountry "CZE"]
[SourceTitle "The Week in Chess 403"]
[Source "Mark Crowther"]
[SourceDate "2002.07.29"]
[SourceVersion "1"]
[SourceVersionDate "2002.07.29"]
[SourceQuality "2"]

1. Nf3 d5 2. d4 Nf6 3. c4 e6 4. g3 dxc4 5. Bg2 a6 6. Ne5 Bb4+ 7. Nc3 Nd5 8. Bd2 b5 9. O-O Bxc3 10. bxc3 O-O 11. a4 c6 12. e4 Nb6 13. a5 N6d7 14. f4 Bb7 15. f5 exf5 16. exf5 f6 17. Ng4 Rf7 18. Nf2 Nf8 19. Bf4 c5 1/2-1/2

[Event "FSGM 2002.07"]
[Site "Budapest HUN"]
[Date "2002.07.06"]
[Round "1"]
[White "Seres, Lajos"]
[Black "Gerzhoy, Leonid"]
[Result "1-0"]
[WhiteElo "2462"]
[BlackElo "2366"]
[PlyCount "81"]
[GameId "2129405142020536"]
[EventDate "2002.07.06"]
[EventType "tourn"]
[EventRounds "13"]
[EventCountry "HUN"]
[EventCategory "7"]
[SourceTitle "The Week in Chess 400"]
[Source "Mark Crowther"]
[SourceDate "2002.07.08"]
[SourceVersion "1"]
[SourceVersionDate "2002.07.08"]
[SourceQuality "2"]

1. d4 Nf6 2. c4 e6 3. Nf3 d5 4. Nc3 Bb4 5. Bg5 Nbd7 6. e3 c5 7. Bd3 Qa5 8. O-O cxd4 9. exd4 dxc4 10. Bxc4 Bxc3 11. bxc3 b5 12. Bd3 Bb7 13. Ne5 Nxe5 14. dxe5 Nd5 15. Bd2 Nb6 16. Qe2 Nc4 17. a4 Qc7 18. Bf4 a6 19. Rab1 Qc6 20. Qg4 O-O-O 21. axb5 axb5 22. Bxc4 bxc4 23. f3 Qc5+ 24. Kh1 g6 25. Bg3 Rd7 26. Bf2 Qd5 27. Bd4 h5 28. Qf4 h4 29. h3 Rh5 30. Qg4 Kd8 31. Rb4 Ke8 32. Rfb1 Kf8 33. Rb5 Qc6 34. Bf2 Rd1+ 35. Rxd1 Qxb5 36. Rd8+ Kg7 37. Rb8 Qb1+ 38. Kh2 Qb5 39. Qf4 Rf5 40. Qxh4 Qxe5+ 41. Bg3 1-0